Normal view MARC view
  • Solís Luna, Benito

Entry Nombre Personal

Number of records used in: 21

001 - NUMERO DE CONTROL

  • campo de control: 30031

003 - IDENTIFICADOR DE NUMERO DE CONTROL

  • campo de control: UPN

005 - FECHA Y HORA DE LA ÜLTIMA TRANSACCIÓN

  • campo de control: 20220523152734.0

008 - DATOS DE LONGITUD FIJA

  • campo de control de longitud fija: nabaccnnaabn|||||||||| b |nc|||||d

035 ## - NUMERO DE CONTROL

  • Número de control: UPN11000002137

040 ## - FUENTE DE CATALOGACIÓN

  • Agencia original de catalogación: UPN
  • Lenguaje de catalogación: SPA
  • Agencia de transcripción: UPN

100 1# - ENCABEZAMIENTO - NOMBRE PERSONAL

  • Nombre personal: Solís Luna, Benito

670 ## - FUENTE EN LA QUE SE LOCALIZARON DATOS

  • Cita de la fuente: Cuaderno de actividades cívicas, 1968:
  • Información localizada: portada (Benito Solís Luna)

670 ## - FUENTE EN LA QUE SE LOCALIZARON DATOS

  • Cita de la fuente: Civismo: primero y segundo años, 1947:
  • Información localizada: portada (Benito Solís Luna; profesor normalista y maestro en Civismo para la segunda enseñanza, titulado en la Escuela Normal Superior)

902 ## - CATALOGADOR

  • Catalogador: DAA/131008